000 00706nam a2200229 a 4500
999 _c1937
_d1937
001 1937
003 BD-JhCC
005 20171026172054.0
008 171026s1998 bg |||| |||| 000 0 ben d
020 _a9840737791
035 _a(BD-JhCC)1937
040 _aBD-JhCC
_dBD-JhCC
041 _aben
082 _a923.1
_bZIO 1998
100 _aজয়নুদ্দীন, মোহান্মদ
245 _aশাহনূর খান /
_c মোহান্মদ জয়নুদ্দীন
260 _aঢাকা :
_bবাংলা একাডেমী,
_c১৯৯৮.
300 _a৯৬ পৃ. :
_c২১ সেমি.
650 _aBiograohy
942 _2ddc
_cBK